000 00399nmm a2200145Ia 4500
008 251105s9999||||xx |||||||||||||||||und||
041 _aspa
100 _aMerlino, Aldo
245 0 _aVida de monos
264 _a[Madrid, España] :
_bEdiciones B,
_c2017
300 _a101 páginas
650 _aLatin American narrative
856 _uhttps://public.digitaliapublishing.com/a/53563
942 _cCF
999 _c106514
_d106514